000 00963nam a2200289 a 4500
001 BRCA_757
005 20190320203134.0
008 990104s2000 mx-a---##b---#001-0#spa-u
020 _a9706630732
040 _aDLC
_cDLC
_dDLC
050 4 _aTX716
_b.L38 2000
100 1 _aLavín, Mónica
_d1955-
_92508
245 1 0 _aSor Juana en la cocina
_cMónica Lavín ; recetas de Ana Luisa Benítez Muro.
260 _aMéxico
_bClío
_c2000
300 _a86 p.
_bil. a color
_c27 cm.
440 0 _aCocina virreinal novohispana
_v4
_92509
500 _aIncluye índice de recetas
504 _aBibliografía: p. 85
600 1 4 _aJuana Inés de la Cruz
_cHermana
_d1651-1695
_92510
650 1 4 _aCocina mexicana
_92511
650 1 4 _aCocina
_xHistoria
_zMéxico
_92512
650 1 4 _aConventos
_xHistoria
_zMéxico
_92513
653 0 _aGastronomía
700 1 _aBenítez Muro, Ana Luisa
_92514
700 1 _aCruz, Juana Inés de la
_cHermana
_d1651-1695
_92515
942 _2lcc
_cB
999 _c656
_d656